| 000 | 01010nam a22002057a 4500 | ||
|---|---|---|---|
| 008 | 231207c2023 xxk|||||o|||| 00| 0 eng d | ||
| 041 | _aeng | ||
| 110 | _aRoyal Institution of Chartered Surveyors | ||
| 245 |
_aBuilt Environment Carbon Database _h[Electronic resource] |
||
| 260 | _bRICS & BCIS | ||
| 520 | _aBECD is a free-to-use repository of whole-life carbon assessments of built assets and product LCA data. BECD is not an assessment tool, but a reporting platform and catalogue of existing projects and products. BECD is not a calculator. It is a repository for data to be uploaded and downloaded. Please create an account to use BECD. | ||
| 650 | _aNET ZERO | ||
| 650 | _aCARBON | ||
| 650 | _aWHOLE LIFE CARBON | ||
| 651 | _aInternational | ||
| 710 | _aRoyal Institution of Chartered Surveyors | ||
| 856 |
_uhttps://carbon.becd.co.uk/ _zRegister for the BECD |
||
| 856 |
_uhttps://becd-cms.uksouth.cloudapp.azure.com/uploads/BECD_v1_User_Guide_0e5f48f9b8.pdf _zBECD user guide |
||
| 942 | _n0 | ||
| 999 |
_c121729 _d121729 |
||